000
00330nam a2200133Ia 4500
008
220216s9999 xx 000 0 und d
100
_a
George C M
245
0
_a
Short account of the rubber soils in India
260
_b
Rubber Board Bulletin
_c
1961
300
_a
92-95
650
_a
India
650
_a
Rubber soils
942
_c
JS
999
_c
68653
_d
68653